Pevná opora strany

Bibliographic Details
Main Author: Novák, Miroslav, 1953- (Author)
Format: Book
Language:Czech
PhysicalDescription:156 s. fotogr. 4°
Published: Praha Naše vojsko 1977
Edition:1.vyd.
Subjects:

MARC

LEADER 00000cam a2200000 a 4500
001 vtls009854710
003 SK-MaSNL
005 20260302081008.0
008 210928s1977 xr 000 0 cze
035 |a (SVKBBclas03)vtls000239166 
040 |a SNK  |b slo  |c SNK  |e AACR2 
041 0 |a cze 
044 |a xr  |c CZ 
080 |a 351.749.8  |2 1981 
100 1 |a Novák, Miroslav,  |d 1953-  |4 aut  |9 115133 
245 1 0 |a Pevná opora strany  |c Miroslav Novák a kol. 
250 |a 1.vyd. 
260 |a Praha  |b Naše vojsko  |c 1977 
300 |a 156 s.  |b fotogr.  |c 4° 
610 2 7 |a Ľudové milície  |2 SNKKA  |9 417449 
655 7 |a fotografické publikácie  |2 SNKPH  |9 70483 
958 |a OND 
999 |c 1174886  |d 1176816 
952 |a SNK  |b SNK  |y PREZ  |7 0  |p 17A0925758  |o snkSB 25289  |0 0  |1 0  |4 0  |d 2014-01-21  |f 1  |l 0  |r 2025-03-27 00:00:00  |w 2026-02-24